Rome Cultural Terms - Statistics

General Stats
  • This quiz has been taken 18 times
  • The average score is 6 of 15
Answer Stats
Hint Answer % Correct
dinner cena
78%
breakfast ientaculum
67%
lunch prandium
67%
ceremony where bride and groom shared cake confarreatio
56%
dessert secunda mensa
56%
wedding ring anulus
44%
orange-colored bridal veil flammeum
44%
morning greeting salutatio
44%
main dish prima mensa
33%
elementary school teacher litterator
22%
money basket sportula
22%
bride's procession to new home deductio
11%
appetizer gustatio
11%
elementary school ludus
11%
enslaved tutor who accompanied boy to school paedogogus
11%
No matching quizzes found
Score Distribution
Percent of People with Each Score
Percentile by Number Answered
Your Score History
You have not taken this quiz